000
00310nam a2200133Ia 4500
003
GCL
008
140319s9999 xx 000 0 ara d
040
_a
GCL /
_c
GCL
082
0
4
_a
813.01
_b
س ت
245
1
0
_a
وتمضى الايام
260
_a
[S.N] :
_b
زهير بعلبكى
300
_a
437 ص
490
_a
999
_c
54933
_d
54933